Analyse structurée des réseaux : Des applications de l'Internet aux infrastructures de télécommunation

Les réseaux sont analysés selon les principes de l'architecture en couches, mais, et c'est la grande originalité du livre, en utilisant une approche descendante, allant des applications de communication mises en œuvre dans les réseaux jusqu'aux supports de transmission qui véhicu...

Full beskrivning

Sparad:
Bibliografiska uppgifter
Huvudupphovsman: Kurose, James
Materialtyp: Bok
Språk:Undetermined
Publicerad: Paris Pearson education 2003
Ämnen:
Taggar: Lägg till en tagg
Inga taggar, Lägg till första taggen!
Thư viện lưu trữ: Trung tâm Học liệu Trường Đại học Cần Thơ
LEADER 01281nam a2200205Ia 4500
001 CTU_232994
008 210402s9999 xx 000 0 und d
082 |a 004.65 
082 |b K96 
100 |a Kurose, James 
245 0 |a Analyse structurée des réseaux : 
245 0 |b Des applications de l'Internet aux infrastructures de télécommunation 
245 0 |c James Kurose et Keith Ross ; Traduction, Stéphane Pauquet 
260 |a Paris 
260 |b Pearson education 
260 |c 2003 
520 |a Les réseaux sont analysés selon les principes de l'architecture en couches, mais, et c'est la grande originalité du livre, en utilisant une approche descendante, allant des applications de communication mises en œuvre dans les réseaux jusqu'aux supports de transmission qui véhiculent les données sur les infrastructures. L'ouvrage traite en outre les trois grandes problématiques des réseaux et du multimédia, des réseaux et de la sécurité et enfin du management des réseaux. Il s'adresse principalement aux étudiants désireux de comprendre les enjeux et les fondements de l'internet et des réseaux. 
650 |a Mạng máy tính,Computer networks 
910 |b dqhieu 
980 |a Trung tâm Học liệu Trường Đại học Cần Thơ